00381nam 22001333 4500001000700000016001100007100004100018200008200059210004300141215001600184606001300200675001600213801001800229202344 dcompra a20260527d u||y0pory50 ba aDisco flash! (CD áudio)eo melhor do disco soundfGloria Gaynor...[et al.] a[Lisboa]cPromoway Portugal, Ldad2003 c1 cd audio  aMúsica a78vPTzpor aPTbBMMNgRPC